Statystyki dla Z jakiego klubu przechodził zawodnik

Kliknij tutaj aby rozwiązać quiz!

Ogólne statystyki

  • Ten quiz został rozwiązany 42 razy
    (32 od ostatniego zresetowania)
  • Średni wynik to 14 z 30

Statystyki odpowiedzi

PiłkarzKlubOdpowiedz% Poprawnych
Zlatan IbrahimovićJuventusAjax
80%
Robert LewandowskiBorussia DortmundLech Poznań
80%
Romelu LukakuChelseaAnderlecht/Inter mediolan
77%
Sergio AgüeroManchester CityAtlético Madryt
70%
Thiago AlcântaraBayern MonachiumFC Barcelona
67%
Álvaro MorataReal MadrytJuventus
67%
Paulo DybalaJuventusPalermo
67%
FabinhoLiverpoolAS Monaco
63%
Luka ModrićTottenham HotspurDinamo Zagrzeb
63%
Virgil van DijkSouthamptonCeltic
60%
SalahChelseaFC Basel
60%
FredManchester UnitedSzachtar Donieck
60%
Aymeric LaporteManchester CityAthletic Bilbao
57%
Kieran TrippierAtlético MadrytTottenham Hotspur
57%
Thiago SilvaParis Saint-GermainAC Milan
53%
Felipe AndersonLazioSantos/West Ham United
53%
AubameyangBorussia DortmundAS Saint-Étienne
43%
Wissam Ben YedderAS MonacoSevilla FC
43%
WernerRB LeipzigVfB Stuttgart
43%
Sébastien HallerWest Ham UnitedEintracht Frankfurt
33%
Kalidou KoulibalyNapoliGenk
33%
Gareth BaleTottenham HotspurSouthampton
33%
Per MertesackerArsenalWerder Brema
27%
Dušan VlahovićFiorentinaPartizan
23%
Nathan AkéA.F.C. BournemouthChelsea
20%
Sadio ManéRed Bull SalzburgFC Metz
17%
Benjamin PavardVfB StuttgartLille OSC
13%
Leon GoretzkaFC Schalke 04VfL Bochum
13%
Laurent KoscielnyArsenalLorient
10%
Sokratis PapastathopoulosMilanGenoa
7%

Rozkład punktacji

Percentyl według liczby udzielonych odpowiedzi

Procent ludzi z każdym wynikiem

Twoja historia wyników

Nie rozwiązałeś tego quizu od ostatniego zresetowania